LEADER 04011nam1 2200493 i 450 001 VAN0086015 005 20221206113924.503 100 $a20111108d1580 |0itac50 ba 101 $alat 102 $aIT 140 $a||||||||| ||||||||| 200 1 $aˆBartolus a Saxo Ferrato ‰In primam [-secundam] ff. Veteris partem. Alexandri, Barb. Paris. Claud. à Seissel. Pom. Ioan. Franc. Ruensis aliorumque adnotationibus integris illustratus. Appositis etiam contrarietatum conciliationibus, cum mouis additionibus eiusdem Io. Francisci Reueren. ... nunc recèns editis: nec non infinitis summarijs, ... vnà cum Bartoli ipsius vita. Quantam autem fidem, studium, diligentiàmque in castigandis grauissimis erroribus, quibus singulae scatebant pagellae, hac in postrema editione adhibuerimus, omnia suo pristino nitori restituentes, diligens lector in conferendis his nostris cum vetustissimis codicibus facillimè dignoscet 210 $aVenetiis$c[Lucantonio Giunta il giovane]$d1580$eVenetiis$d1581) 215 $a2 volumi$d2° 300 $aRif.: EDIT16 CNCE 4436. - Nome dell'editore dedotto dalla marca; data di stampa dal colophon a carta T6r del vol. 2. - Testo su due colonne; iniziali xilografiche; frontespizi stampati in rosso e nero. - La Vita di Bartolo a cura di Thomas Diplovatatius, come appare nell'intitolazione della stessa. 463 1$1001VAN0086019$12000 $a1$1215 $a200 carte$1300 $aSegnatura: A-2B?. - Registro a carta 2B8r$v1 463 1$1001VAN0086020$12000 $a2$1215 $a150 carte$1300 $aSegnatura: A-S? T?. - Registro e colophon a carta T6r.$v2 500 1$3VAN0252729$aCommentaria in Corpus Iuris Civilis. Digestum vetus. 620 $dVenezia$3VANL000080 700 0$aBartolo da Sassoferrato$3VANV064614$0543187 702 1$aBarbazza$bAndrea$fca. 1399-1479$3VANV064247 702 1$aDiplovatatius$bThomas$3VANV064616 702 1$aParisio$bPietro Paolo$f1473-1545$3VANV064618 702 1$aPoma$bAndrea$fsec. 15.-16.$3VANV064619 702 1$aRuverensis$bIoannes Franciscus$fsec. 16.?$3VANV064620 702 1$aSeyssel$bClaude de$fca. 1450-1520$3VANV064621 702 1$aTartagni$bAlessandro$f1424-1477$3VANV064245 712 02$aGiunta, Lucantonio$f2.$3VANV059455 790 0$aBartolus de Saxoferrato$zBartolo da Sassoferrato$3VANV064615 790 1$aBarbatia, Andreas$zBarbazza, Andrea $3VANV064336 790 1$aDiplovatazio, Tommaso$zDiplovatatius, Thomas$3VANV092814 790 1$aPomatio, Andrea$zPoma, Andrea $3VANV092778 790 0$aClaudius a Seissel$zSeyssel, Claude de $3VANV064622 790 1$aSesellius, Claudius$zSeyssel, Claude de $3VANV064623 790 0$aAlexander de Imola$zTartagni, Alessandro <1424-1477>$3VANV064333 790 0$aAlessandro da Imola$zTartagni, Alessandro <1424-1477>$3VANV064334 790 0$aAlexander Imolensis$zTartagni, Alessandro <1424-1477>$3VANV064335 790 1$aGiunta, Lucantonio, il Giovane$zGiunta, Lucantonio <2.>$3VANV064570 790 1$aGiunta, Lucantonio <1542-1602>$zGiunta, Lucantonio <2.>$3VANV064571 801 $aIT$bSOL$c20221209$gRICA 912 $aVAN0086015 921 $aVAN0000038$bGiglio fiorentino e iniziali L.A. In cornice figurata. In alto la Giustizia (donna alata con la spada e la bilancia)$cU40$dSul frontespizi. 996 $aIn primam ff. Veteris partem. Alexandri, Barb. Paris. Claud. à Seissel. Pom. Ioan. Franc. Ruensis aliorumque adnotationibus integris illustratus. Appositis etiam contrarietatum conciliationibus, cum mouis additionibus eiusdem Io. Francisci Reueren. ... nunc recèns editis: nec non infinitis summarijs, ... vnà cum Bartoli ipsius vita. Quantam autem fidem, studium, diligentiàmque in castigandis grauissimis erroribus, quibus singulae scatebant pagellae, hac in postrema editione adhibuerimus, omnia suo pristino nitori restituentes, diligens lector in conferendis his nostris cum vetustissimis codicibus facillimè dignoscet$91546946 997 $aUNISOB LEADER 00948nam a2200265 i 4500 001 991003202499707536 008 080122s2007 it 0 ita d 020 $a9788823831155 035 $ab13648056-39ule_inst 040 $aSet. Economia - SAGA$bita 082 04$a332.66 245 10$aManuale del private banker /$ca cura di Paola Musile Tanzi 250 $a5. ed 260 $aMilano :$bEGEA,$c2007 300 $axiv, 464 p. ;$c24 cm 490 $aImpresa & professionisti. Finanza e mercati 650 04$aPrivate banking 650 04$aIntermediari finanziari 700 1 $aMusile Tanzi, Paola 907 $a.b13648056$b16-04-19$c22-01-08 912 $a991003202499707536 945 $aLE025 ECO 332.6 MUS01.01 2007$g1$i2025000215412$lle025$nProf.ssa Cosma$o-$pE38.00$q-$rl$s- $t0$u6$v6$w6$x0$y.i14658306$z29-01-08 996 $aManuale del private banker$9416511 997 $aUNISALENTO 998 $ale025$b22-01-08$cm$da $e-$fita$git $h0$i0 LEADER 04465nam 22008534a 450 001 9910970566403321 005 20251116150307.0 010 $a9786612763014 010 $a9781597344791 010 $a1597344796 010 $a9781282763012 010 $a1282763016 010 $a9780520937727 010 $a0520937724 024 7 $a10.1525/9780520937727 035 $a(CKB)1000000000024219 035 $a(EBL)224777 035 $a(OCoLC)475931914 035 $a(SSID)ssj0000108903 035 $a(PQKBManifestationID)11138067 035 $a(PQKBTitleCode)TC0000108903 035 $a(PQKBWorkID)10044132 035 $a(PQKB)10658723 035 $a(DE-B1597)520630 035 $a(OCoLC)56733031 035 $a(DE-B1597)9780520937727 035 $a(Au-PeEL)EBL224777 035 $a(CaPaEBR)ebr10068580 035 $a(CaONFJC)MIL276301 035 $a(Perlego)552474 035 $a(MiAaPQ)EBC224777 035 $a(EXLCZ)991000000000024219 100 $a20031027d2004 ub 0 101 0 $aeng 135 $aurnn#---|u||u 181 $ctxt 182 $cc 183 $acr 200 10$aBarrio dreams $ePuerto Ricans, Latinos, and the neoliberal city /$fArlene Davila 205 $a1st ed. 210 $aBerkeley $cUniversity of California Press$dc2004 215 $a1 online resource (273 p.) 300 $aDescription based upon print version of record. 311 08$a9780520240926 311 08$a0520240928 311 08$a9780520240933 311 08$a0520240936 320 $aIncludes bibliographical references (p. 235-249) and index. 327 $tFront matter --$tContents --$tIllustrations --$tAcknowledgments --$tIntroduction: Barrio Business, Barrio Dreams --$t1. Dreams of Place and Housing Struggles --$t2. "El Barrio es de Todos": Predicaments of Culture and Place --$t3. Empowered Culture? The Empowerment Zone and the Selling of El Barrio --$t4. The Edison Project: On Corporate Headquarters, Museums, and the Education of El Barrio --$t5. The Mexican Barrio: Mexicans, Puerto Ricans, and the Terrain of Latinidad --$t6. The Marketable Neighborhood: Outdoor Ads Meet Street Art --$tSome Final Words --$tNotes --$tReferences --$tIndex 330 $aArlene Dávila brilliantly considers the cultural politics of urban space in this lively exploration of Puerto Rican and Latino experience in New York, the global center of culture and consumption, where Latinos are now the biggest minority group. Analyzing the simultaneous gentrification and Latinization of what is known as El Barrio or Spanish Harlem, Barrio Dreams makes a compelling case that-despite neoliberalism's race-and ethnicity-free tenets-dreams of economic empowerment are never devoid of distinct racial and ethnic considerations. Dávila scrutinizes dramatic shifts in housing, the growth of charter schools, and the enactment of Empowerment Zone legislation that promises upward mobility and empowerment while shutting out many longtime residents. Foregrounding privatization and consumption, she offers an innovative look at the marketing of Latino space. She emphasizes class among Latinos while touching on black-Latino and Mexican-Puerto Rican relations. Providing a unique multifaceted view of the place of Latinos in the changing urban landscape, Barrio Dreams is one of the most nuanced and original examinations of the complex social and economic forces shaping our cities today. 606 $aGentrification$zNew York (State)$zNew York 606 $aPuerto Ricans$xHousing$zNew York (State)$zNew York 606 $aLatin Americans$xHousing$zNew York (State)$zNew York 606 $aLatin Americans$xHousing$zUnited States 606 $aHousing policy$zNew York (State)$zNew York 606 $aEnterprise zones$zNew York (State)$zNew York 607 $aEast Harlem (New York, N.Y.)$xSocial conditions 607 $aEast Harlem (New York, N.Y.)$xEconomic conditions 607 $aEast Harlem (New York, N.Y.)$xPolitics and government 615 0$aGentrification 615 0$aPuerto Ricans$xHousing 615 0$aLatin Americans$xHousing 615 0$aLatin Americans$xHousing 615 0$aHousing policy 615 0$aEnterprise zones 676 $a307.341609747 700 $aDa?vila$b Arlene M.$f1965-$0920654 801 0$bMiAaPQ 801 1$bMiAaPQ 801 2$bMiAaPQ 906 $aBOOK 912 $a9910970566403321 996 $aBarrio dreams$94533290 997 $aUNINA